| 000 | 00660nam a2200205 u 4500 | ||
|---|---|---|---|
| 001 | 000632502 | ||
| 003 | AM-YeHGA | ||
| 005 | 20250617140511.0 | ||
| 008 | 090216s1962 ||| r 000 0 rus d | ||
| 040 | _aAM-YeHGA | ||
| 041 | 1 |
_arus _hhun |
|
| 100 | 1 | _aДарваш, Йожеф | |
| 245 | 1 | 0 |
_aПьесы / _cЙожеф Дарвашш; Пер. с венг. Б. Гейгера. |
| 260 |
_aМосква : _bИскусство, _c1962. |
||
| 300 |
_a297 с. : _b[4] л. ил. |
||
| 653 | 0 | _aВенгерская драматургия | |
| 653 | 0 | _aВенгерская литература | |
| 700 | 1 |
_aГейгер, Б. _eпер. _4trl |
|
| 090 | _c222569 | ||
| 999 |
_c221038 _d221038 |
||